Capitali che contengono la lettera W - Statistics

Statistiche generali
  • Questo quiz è stato fatto 45 volte
  • Il punteggio medio è 7 su 14
Statistiche sulle risposte
Numero di W Capitale % Corretto
1 Washington
86%
1 Wellington
86%
1 Windhoek
78%
1 Ottawa
62%
1 Naypyidaw
57%
1 Georgetown
54%
1 Bridgetown
46%
1 Bandar Seri Begawan
43%
1 Kingstown
43%
1 Freetown
41%
1 Sri Jayawardenapura Kotte
41%
1 Lilongwe
38%
1 Al Kuwait
32%
1 Tarawa Sud
30%
Nessun quiz corrispondente trovato
Distribuzione punteggi
Percentuale di utenti per punteggio
Percentile per numero di risposta
I tuoi punteggi nel tempo
Non hai fatto questo quiz